000 00532nam a2200205Ia 4500
005 20250923144612.0
008 008 250917s9999 xx 000 0 eng d
037 _aTextual
040 _aDSWL
_beng
_cDSWL
041 _aeng
_2eng
084 _aX9:Y1p, J7.1
_qDSWL
245 0 _aReport and proceedings, 1956
260 _aLondon
_bOxford University Press
_c1957
300 _axii,338p.
365 _aINR
_b42
490 _vVol. I
925 _g42
942 _cTEXL
_hX9:Y1p, J7.1
999 _c1441030
_d1441030